2025 End of Season New York Yankees Roster - Statistics

General Stats
  • This quiz has been taken 354 times
    230 since last reset
  • The average score is 23 of 28
Answer Stats
# Answer % Correct
99 Aaron Judge
99%
35 Cody Bellinger
97%
28 Austin Wells
96%
22 Ben Rice
95%
48 Paul Goldschmidt
95%
11 Anthony Volpe
94%
13 Jazz Chisholm Jr.
93%
12 Trent Grisham
92%
27 Giancarlo Stanton
91%
54 Max Fried
91%
55 Carlos Rodón
90%
24 Jasson Domínguez
88%
19 Ryan McMahon
88%
30 Luke Weaver
86%
53 David Bednar
84%
38 Devin Williams
83%
81 Luis Gil
83%
31 Cam Schlittler
82%
98 Will Warren
81%
72 José Caballero
79%
41 Tim Hill
79%
75 Camilo Doval
77%
14 Amed Rosario
74%
63 Fernando Cruz
66%
29 Austin Slater
63%
56 Mark Leiter Jr.
62%
33 Ryan Yarbrough
49%
58 Paul Blackburn
47%
No matching quizzes found
Score Distribution
Percent of People with Each Score
Percentile by Number Answered
Your Score History
You have not taken this quiz since the last reset